| 000 | 01861nam a2200445 c 4500 | ||
|---|---|---|---|
| 003 | BLK | ||
| 005 | 20250412105638.0 | ||
| 008 | 180408b bul|||||r ||||||| ||bul|| | ||
| 010 | _aKNG00086020000 | ||
| 020 |
_a954-657-591-7 _bиздат.: ПАН |
||
| 040 | _aBLK | ||
| 041 |
_aBUL _cBUL |
||
| 080 |
_aГеография на културните аспекти на ландшафта _b911.3 _x(100):087.5 _z911.3(100):087.5 |
||
| 080 |
_aПаметници на културата на историческите периоди. Археологическите паметници. Старини _b904 _x:087.5 _z904:087.5 |
||
| 700 | 1 |
_aБарска, Ева _e* _936787 |
|
| 700 | 1 |
_aГлоговски, Марек _e* _954439 |
|
| 700 | 1 |
_aBarska, Eva _eтекст _94533 |
|
| 700 | 1 |
_aGlogowski, Marek _eтекст _911303 |
|
| 700 | 1 |
_aХристова, Нели _eпрев. _9368823 |
|
| 139 |
_aБарска, Ева и др. _bБ 26 |
||
| 245 | 1 | 0 |
_aНай-прочутите места на света _c* Ева Барска; * Марек Глоговски; текст Eva Barska; текст Marek Glogowski; прев. Нели Христова. |
| 257 | _aPOL | ||
| 260 |
_аСофия _bПАН _c2006 |
||
| 300 |
_a48 с. _bс цв. ил. _c30 см |
||
| 380 | _aDN | ||
| 490 | 1 | _aПоредица Знаете ли... | |
| 490 | 1 |
_3Подсерия _aКое къде е? |
|
| 650 | 4 |
_aСвят - география _9242274 |
|
| 651 | 4 |
_aСвят _9179507 |
|
| 653 | _aгеография | ||
| 653 | _aпаметници | ||
| 653 | _aзабележителности | ||
| 653 | _aдетска литература | ||
| 852 | _aЦб ІІ 15373 | ||
| 856 | 4 |
_qpdf _u |
|
| 856 | 4 |
_qpdf _u |
|
| 942 |
_cKNG _n0 _021 |
||
| 944 |
_aCR _c24.10.2008 _lМоника Янева _k30570 |
||
| 944 |
_aED _c03.11.2008 _lф / _k |
||
| 999 |
_c81516 _d81516 |
||